000 00593nam a2200181Ia 4500
003 IN-BaIIA
008 211028s9999 xx 000 0 eng d
040 _cIIA Library
080 _a681.31
_bMIC
110 _aMicrosoft Corporation
245 0 _aMicrosoft FORTRAN optimizing compiler for MS-DOS operating system
_blanguage reference
_cMicrosoft Corporation
260 _aTexas
_bMicrosoft Corporation
_c1987
300 _avii, 374p.
650 _aCompiler language
_915670
650 _aFORTRAN
_94275
650 _aOperating system
_914912
942 _cBK
999 _c9310
_d9310